000 00342nam a2200157Ia 4500
005 20250425161258.0
008 250425s9999 xx 000 0 und d
041 _aspa
082 _a639.2
245 0 _aLA INDUSTRIA DE LA PESCA
250 _aS.E.
260 _aS.L.
260 _aSin Pais
_bNMEN
_c1943
942 _c01
010 _a16755
999 _c206016
_d206016